000 00383nam a2200157Ia 4500
003 GCL
008 140319s9999 xx 000 0 eng d
040 _aGCL /
_cGCL
082 0 4 _a709.033
_bB B \\=aBAZIN, GERMAINv
245 1 0 _aBARSQUE AND ROCOCO
260 _a[S.N] :
_bTHAMES AND HUDSON ،
_c1993
650 0 4 _aARTS
650 0 4 _aBAROQUE
650 0 4 _aROCOCO
942 _2ddc
_cBK
999 _c18809
_d18809